Ngày mai vẫn là tuổi trẻ
Trong những ngày hoang mang nhất của tuổi trẻ, tác giả đã nghĩ lại những chuyến hành trình đẹp đẽ nhất của cuộc đời thông qua những tản văn du lịch và những bức ảnh của những nên tác giả đã đến.
Đã lưu trong:
| Hovedforfatter: | |
|---|---|
| Format: | Bog |
| Sprog: | Undetermined |
| Udgivet: |
Hà Nội
Thế giới
2018
|
| Fag: | |
| Tags: |
Tilføj Tag
Ingen Tags, Vær først til at tagge denne postø!
|
| Thư viện lưu trữ: | Trung tâm Học liệu Trường Đại học Cần Thơ |
|---|
| LEADER | 00836nam a2200205Ia 4500 | ||
|---|---|---|---|
| 001 | CTU_231152 | ||
| 008 | 210402s9999 xx 000 0 und d | ||
| 020 | |c 159000 | ||
| 082 | |a 915.04 | ||
| 082 | |b Ô451 | ||
| 100 | |a Ốc Sên Gió | ||
| 245 | 0 | |a Ngày mai vẫn là tuổi trẻ | |
| 245 | 0 | |c Ốc Sên Gió | |
| 260 | |a Hà Nội | ||
| 260 | |b Thế giới | ||
| 260 | |c 2018 | ||
| 520 | |a Trong những ngày hoang mang nhất của tuổi trẻ, tác giả đã nghĩ lại những chuyến hành trình đẹp đẽ nhất của cuộc đời thông qua những tản văn du lịch và những bức ảnh của những nên tác giả đã đến. | ||
| 650 | |a Du lịch,Travel | ||
| 910 | |b vtbtruc | ||
| 980 | |a Trung tâm Học liệu Trường Đại học Cần Thơ | ||